=LDR 00000nam 2200000 4500 =001 INLIS000000000003898 =005 20130612092211 =008 ***********************************Ind** =035 ##$$a0010-061300000003898 =041 ##$$a Ind =082 ##$$a 531.07 =090 ##$$a 531.07, Mek =245 ##$$a Mekanika untuk SMA, Misbah Syukur...[et al.] =250 ##$$a Seri Fisika =260 ##$$a 1992 $b Bandung =300 ##$$a 172 hlm., ilus., 29 cm =650 ##$$a Fisika =650 ##$$a Studi dan pengajaran =700 ##$$a Syukur, Misbah =850 ##$$a NBPNMAT =990 ##$$a 0001/BPAP-NTB/20142014